000
00291nam a22001337a 4500
008
170619b xxu||||| |||| 00| 0 eng d
020
_a
0842023372
041
_a
eng
080
_a
32
100
_a
20
101
_a
SHP
245
_a
GORBACHEV AND GLASNOST
_c
TARASULO,I.J
942
_2
udc
_c
BK
999
_c
18145
_d
18145